000 00791nam a2200253 a 4500
001 16214
003 BD-RjUL
005 20211208235958.0
008 140211s1963 nyua b 001 0 eng d
035 _a(BD-RjUL)16269
040 _aLC
_beng
_cLC
_dABN:1
_dBD-RjUL
041 _aeng
082 0 4 _a658.152
_bMEF 1963
100 1 _aMerrett, A. J.
_950158
245 1 4 _aThe finance and analysis of capital projects /
_cby A. J. Merrett and Allen Sykes.
260 _aNew York :
_bWiley,
_cc1963, [impression 1966]
300 _axx, 544 p. :
_bill.;
_c22 cm.
500 _a"A Halsted Press book."
504 _aIncludes bibliographical references and indexes.
650 0 _aCapital investments.
_950159
700 1 _aSykes, Allen,
_9231741
942 _2ddc
_cBK
999 _c16214
_d16214